[Event "POL-ch rapid"]
[Site "Zgierz"]
[Date "2017.01.08"]
[Round "9"]
[White "Mietkiewicz, Jacek"]
[Black "Majdan, Joanna"]
[Result "0-1"]
[WhiteElo "1969"]
[BlackElo "2366"]
[PlyCount "46"]
[EventDate "2017.01.08"]
[EventType "swiss (rapid)"]
[EventRounds "9"]
[EventCountry "POL"]
[SourceTitle "CBM 176 Extra"]
[Source "ChessBase"]
[SourceDate "2017.03.02"]
[SourceVersion "1"]
[SourceVersionDate "2017.03.02"]
[SourceQuality "1"]

1. d4 Nf6 2. c4 c5 3. d5 b5 4. cxb5 a6 5. b6 e6 6. dxe6 fxe6 7. Bg5 Be7 8. Nc3 Qxb6 9. Qc2 Nc6 10. e3 d5 11. Nf3 Bd7 12. a3 c4 13. Be2 Rb8 14. Rb1 0-0 15. 0-0 Rb7 16. Rfd1 Be8 17. e4 Bg6 18. Nh4 Bxe4 19. Nxe4 Nxe4 20. Bxe7 Nxf2 21. Bf3 Nxd1+ 22. Kh1 Nf2+ 23. Kg1 Nd3+ 0-1

[Event "Poznan op 24th"]
[Site "Poznan"]
[Date "2016.08.13"]
[Round "7"]
[White "Steczek, Malgorzata"]
[Black "Mietkiewicz, Jacek"]
[Result "0-1"]
[WhiteElo "1768"]
[BlackElo "1687"]
[PlyCount "115"]
[EventDate "2016.08.08"]
[EventType "swiss"]
[EventRounds "9"]
[EventCountry "POL"]
[SourceTitle "CBM 173 Extra"]
[Source "ChessBase"]
[SourceDate "2016.08.29"]
[SourceVersion "1"]
[SourceVersionDate "2016.08.29"]
[SourceQuality "1"]

1. d4 d5 2. c4 e6 3. Nf3 c5 4. e3 Nf6 5. Nc3 Nc6 6. Be2 a6 7. 0-0 dxc4 8. dxc5 Nd5 9. Ne4 c3 10. Nd6+ Bxd6 11. cxd6 Nf6 12. bxc3 Ne4 13. Qd3 Nxd6 14. Rd1 Nf5 15. Qxd8+ Nxd8 16. Ba3 Nc6 17. Ng5 Nfe7 18. Ne4 0-0 19. Bf3 f5 20. Nd6 Rb8 21. Nxc8 Rfxc8 22. Rd7 Ng6 23. Rb1 b5 24. Rd6 Nce5 25. Rxe6 Nxf3+ 26. gxf3 Rxc3 27. Bb2 Rc2 28. Rxa6 Nh4 29. Ra7 Nxf3+ 30. Kg2 Ne1+ 31. Kg3 Nd3 32. Rxg7+ Kf8 33. Rxh7 Rb6 34. Rd1 Rg6+ 35. Kh4 Rg4+ 36. Kh5 Rxf2 37. Be5 Rf3 38. Bg3 Rxe3 39. Rf1 Kg8 40. Rb7 Rg7 41. Rb8+ Kh7 42. Rxf5 Nf4+ 43. Rxf4 Re6 44. Rh8+ Kxh8 45. Rf8+ Kh7 46. Bf4 b4 47. Kh4 Re2 48. Bg3 Re6 49. Kh3 Rh6+ 50. Kg2 Ra6 51. Rf2 Rga7 52. Kh3 Rxa2 53. Rf4 Rb7 54. Rh4+ Kg6 55. Rg4+ Kf5 56. Rf4+ Ke6 57. Be1 b3 58. Bc3 0-1

[Event "POL-chT U19 2nd League"]
[Site "Iwonicz"]
[Date "2016.07.31"]
[Round "3.9"]
[White "Golecki, Jan"]
[Black "Mietkiewicz, Jacek"]
[Result "1-0"]
[WhiteElo "1758"]
[BlackElo "1687"]
[PlyCount "75"]
[EventDate "2016.07.23"]
[EventType "team-swiss"]
[EventRounds "11"]
[EventCountry "POL"]
[SourceTitle "EXT 2019"]
[Source "ChessBase"]
[SourceDate "2018.10.10"]
[SourceVersion "1"]
[SourceVersionDate "2018.10.10"]
[SourceQuality "1"]
[WhiteTeam "Chylice KS Laura U19 II"]
[BlackTeam "Gniezno LKS Chrobry U19"]
[WhiteTeamCountry "POL"]
[BlackTeamCountry "POL"]

1. Nf3 d5 2. g3 c5 3. Bg2 Nf6 4. 0-0 Bg4 5. d4 e6 6. c4 Nc6 7. cxd5 Nxd5 8. Ne5 Nxe5 9. dxe5 Qd7 10. h3 Bh5 11. Nc3 Rd8 12. Bg5 Be7 13. Bxe7 Nxe7 14. Qxd7+ Rxd7 15. Ne4 0-0 16. g4 Bg6 17. Nxc5 Rd2 18. Bxb7 Rxe2 19. b4 Nd5 20. Bxd5 exd5 21. f4 Be4 22. Nxe4 Rxe4 23. b5 f6 24. exf6 Rxf6 25. a4 Rfxf4 26. Rxf4 Rxf4 27. a5 Rf8 28. Rd1 Rd8 29. Kf2 Kf8 30. Ke3 Ke7 31. Kd4 Rb8 32. Rb1 Kd6 33. b6 a6 34. b7 Kc7 35. Kxd5 h5 36. gxh5 Rxb7 37. Rxb7+ Kxb7 38. Kd6 1-0

[Event "POL-chT U19 2nd League"]
[Site "Iwonicz"]
[Date "2016.07.31"]
[Round "10.3"]
[White "Mietkiewicz, Jacek"]
[Black "Galuszka, Tomasz"]
[Result "1/2-1/2"]
[WhiteElo "1687"]
[BlackElo "1768"]
[PlyCount "88"]
[EventDate "2016.07.23"]
[EventType "team-swiss"]
[EventRounds "11"]
[EventCountry "POL"]
[SourceTitle "EXT 2019"]
[Source "ChessBase"]
[SourceDate "2018.10.10"]
[SourceVersion "1"]
[SourceVersionDate "2018.10.10"]
[SourceQuality "1"]
[WhiteTeam "Gniezno LKS Chrobry U19"]
[BlackTeam "Jastrzebie Zdroj Pionier U19"]
[WhiteTeamCountry "POL"]
[BlackTeamCountry "POL"]

1. d4 d5 2. c4 c6 3. Nf3 Nf6 4. Nc3 e6 5. Bg5 h6 6. Bh4 Nbd7 7. e3 Be7 8. Bd3 0-0 9. 0-0 dxc4 10. Bxc4 Nd5 11. Bxe7 Qxe7 12. e4 N5b6 13. Bd3 e5 14. Nxe5 Nxe5 15. dxe5 Qxe5 16. f4 Qd4+ 17. Kh1 Rd8 18. Be2 Be6 19. Qxd4 Rxd4 20. Rad1 Rad8 21. Rxd4 Rxd4 22. Rd1 Rxd1+ 23. Bxd1 Kf8 24. b3 Ke7 25. Kg1 g5 26. g3 gxf4 27. gxf4 f6 28. Kf2 Nd7 29. Ke3 Kd6 30. Kd4 c5+ 31. Ke3 a6 32. Nb1 Nb8 33. Nd2 Nc6 34. Nc4+ Bxc4 35. bxc4 b5 36. Be2 Nd4 37. cxb5 axb5 38. Bd1 Ne6 39. Bg4 Nd8 40. Be2 Kc6 41. e5 fxe5 42. fxe5 Ne6 43. Ke4 c4 44. a3 c3 1/2-1/2

[Event "POL-chT U19 2nd League"]
[Site "Iwonicz"]
[Date "2016.07.31"]
[Round "5.9"]
[White "Mietkiewicz, Jacek"]
[Black "Maciak, Jakub"]
[Result "1/2-1/2"]
[WhiteElo "1687"]
[BlackElo "1582"]
[PlyCount "117"]
[EventDate "2016.07.23"]
[EventType "team-swiss"]
[EventRounds "11"]
[EventCountry "POL"]
[SourceTitle "EXT 2019"]
[Source "ChessBase"]
[SourceDate "2018.10.10"]
[SourceVersion "1"]
[SourceVersionDate "2018.10.10"]
[SourceQuality "1"]
[WhiteTeam "Gniezno LKS Chrobry U19"]
[BlackTeam "Kozuchow Odrodzenie U19"]
[WhiteTeamCountry "POL"]
[BlackTeamCountry "POL"]

1. d4 Nf6 2. c4 e6 3. Nc3 d5 4. e3 c6 5. Nf3 Bd6 6. Bd3 Nbd7 7. 0-0 0-0 8. e4 dxe4 9. Nxe4 Nxe4 10. Bxe4 h6 11. Be3 e5 12. Rc1 exd4 13. Qxd4 Bc5 14. Qd2 Bxe3 15. Qxe3 Nf6 16. Bb1 Re8 17. Qb3 c5 18. Rcd1 Qc7 19. Rfe1 Bd7 20. h3 Bc6 21. Nh4 Qa5 22. Rxe8+ Rxe8 23. Qc3 Qxc3 24. bxc3 Ba4 25. Rc1 Ne4 26. Bc2 Nxc3 27. Bxa4 Nxa4 28. Rc2 Re4 29. Nf5 Nb6 30. Nd6 Re7 31. f3 f6 32. Kf2 Rd7 33. Ne4 Rc7 34. Nd6 Nc8 35. Nf5 b6 36. Rd2 Ne7 37. Ne3 Kf7 38. Rd6 Ke8 39. a4 Rd7 40. Rxd7 Kxd7 41. f4 h5 42. g4 hxg4 43. hxg4 Ke6 44. Kf3 a6 45. Ke4 g6 46. f5+ gxf5+ 47. gxf5+ Kd6 48. Ng4 Ng8 49. Ne3 Kc6 50. Ng4 b5 51. cxb5+ axb5 52. axb5+ Kxb5 53. Kd5 c4 54. Ne3 c3 55. Kd4 Kb4 56. Nd5+ Kb3 57. Nxc3 Ne7 58. Nd5 Nxf5+ 59. Kd3 1/2-1/2

[Event "POL-chT U19 2nd League"]
[Site "Iwonicz"]
[Date "2016.07.31"]
[Round "6.15"]
[White "Mietkiewicz, Jacek"]
[Black "Skurniak, Szymon"]
[Result "1-0"]
[WhiteElo "1687"]
[BlackElo "1603"]
[PlyCount "63"]
[EventDate "2016.07.23"]
[EventType "team-swiss"]
[EventRounds "11"]
[EventCountry "POL"]
[SourceTitle "EXT 2019"]
[Source "ChessBase"]
[SourceDate "2018.10.10"]
[SourceVersion "1"]
[SourceVersionDate "2018.10.10"]
[SourceQuality "1"]
[WhiteTeam "Gniezno LKS Chrobry U19"]
[BlackTeam "Kalisz KTS U19"]
[WhiteTeamCountry "POL"]
[BlackTeamCountry "POL"]

1. d4 Nf6 2. c4 g6 3. Nc3 d5 4. cxd5 Nxd5 5. Bd2 Bg7 6. e4 Nxc3 7. Bxc3 0-0 8. Qd2 a5 9. h4 h5 10. Bc4 c6 11. a3 b5 12. Bb3 e6 13. Ne2 Nd7 14. g4 Nf6 15. gxh5 Nxh5 16. Ng3 Qf6 17. Nxh5 gxh5 18. Rg1 Kh8 19. Qg5 Qxg5 20. Rxg5 Bf6 21. Rxh5+ Kg7 22. e5 Kg6 23. Bd1 Be7 24. Bd2 Rg8 25. Bf3 Bb7 26. Ke2 f5 27. Rg1+ Kf7 28. Rh7+ Kf8 29. Bh6+ Ke8 30. Rxg8+ Kd7 31. Rgg7 Re8 32. Bh5 1-0

[Event "POL-chT U19 2nd League"]
[Site "Iwonicz"]
[Date "2015.08.01"]
[Round "7.10"]
[White "Kulesza, Andrzej"]
[Black "Mietkiewicz, Jacek"]
[Result "0-1"]
[WhiteElo "1486"]
[BlackElo "1599"]
[PlyCount "56"]
[EventDate "2015.07.25"]
[EventType "team-swiss"]
[EventRounds "11"]
[EventCountry "POL"]
[SourceTitle "EXT 2019"]
[Source "ChessBase"]
[SourceDate "2018.10.10"]
[SourceVersion "1"]
[SourceVersionDate "2018.10.10"]
[SourceQuality "1"]
[WhiteTeam "Krakow Wisla U19"]
[BlackTeam "Gniezno LKS Chrobry U19"]
[WhiteTeamCountry "POL"]
[BlackTeamCountry "POL"]

1. e4 e6 2. d4 d5 3. Nd2 Nf6 4. e5 Nfd7 5. Bd3 c5 6. c3 Nc6 7. Ne2 cxd4 8. cxd4 f6 9. Nf4 Nxd4 10. Qh5+ Ke7 11. Ng6+ hxg6 12. exf6+ Nxf6 13. Qxh8 Kf7 14. Qh3 e5 15. Qg3 e4 16. Bb1 Bd6 17. Qc3 Be5 18. Kd1 Bg4+ 19. f3 Nxf3 20. Qb4 Nd4+ 21. Ke1 Qc7 22. Kf2 Bd6 23. Qc3 Qb6 24. Qe3 Bc5 25. Kf1 Qb5+ 26. Bd3 exd3 27. Qg3 Be2+ 28. Kg1 Nf3# 0-1

[Event "POL-chT U19 2nd League"]
[Site "Iwonicz"]
[Date "2015.08.01"]
[Round "2.22"]
[White "Mietkiewicz, Jacek"]
[Black "Maciak, Jakub"]
[Result "1-0"]
[WhiteElo "1599"]
[BlackElo "1295"]
[PlyCount "139"]
[EventDate "2015.07.25"]
[EventType "team-swiss"]
[EventRounds "11"]
[EventCountry "POL"]
[SourceTitle "EXT 2019"]
[Source "ChessBase"]
[SourceDate "2018.10.10"]
[SourceVersion "1"]
[SourceVersionDate "2018.10.10"]
[SourceQuality "1"]
[WhiteTeam "Gniezno LKS Chrobry U19"]
[BlackTeam "Kozuchow Odrodzenie U19"]
[WhiteTeamCountry "POL"]
[BlackTeamCountry "POL"]

1. d4 Nf6 2. c4 e6 3. Nc3 Bb4 4. Qc2 d5 5. Bg5 h6 6. Bh4 Nbd7 7. Nf3 c5 8. cxd5 exd5 9. e3 0-0 10. Be2 Qb6 11. 0-0 Re8 12. Rfd1 c4 13. Nd2 Bxc3 14. bxc3 Qc6 15. Bf3 b5 16. Re1 Bb7 17. a4 a6 18. Qb2 Rab8 19. Bg3 Ra8 20. Reb1 Nb6 21. axb5 axb5 22. Rxa8 Rxa8 23. Qxb5 Ra1 24. Qxc6 Rxb1+ 25. Nxb1 Bxc6 26. Bd6 Na4 27. Bb4 g6 28. Nd2 h5 29. Nxc4 Ne4 30. Bxe4 dxe4 31. Nd6 f5 32. c4 Nb6 33. Ba5 Nd7 34. Bd8 Kf8 35. Kf1 Nb8 36. Ke2 Na6 37. f3 Kg7 38. fxe4 Bxe4 39. Nxe4 fxe4 40. c5 Kf7 41. c6 Ke8 42. c7 Kd7 43. Kf2 Nb4 44. Kg3 Nd5 45. Kf2 Nc3 46. h3 Nd5 47. Ke2 Nc3+ 48. Kd2 Nd5 49. g3 Kc8 50. Ke2 Kd7 51. Kf2 Nc3 52. g4 hxg4 53. hxg4 Nd1+ 54. Kg3 Nxe3 55. Kf4 Nc4 56. Kxe4 Nd2+ 57. Kf4 Nf1 58. d5 Kc8 59. d6 Kd7 60. g5 Nh2 61. Be7 Nf1 62. Ke5 Ne3 63. c8Q+ Kxc8 64. Ke6 Nf5 65. d7+ Kb7 66. d8Q Ng7+ 67. Kd5 Ka7 68. Kc6 Nf5 69. Bc5+ Ka6 70. Qb6# 1-0

[Event "POL-chT U19 2nd League"]
[Site "Iwonicz"]
[Date "2015.08.01"]
[Round "5.46"]
[White "Pietrzak, Tomasz1111"]
[Black "Mietkiewicz, Jacek"]
[Result "0-1"]
[WhiteElo "1407"]
[BlackElo "1599"]
[PlyCount "62"]
[EventDate "2015.07.25"]
[EventType "team-swiss"]
[EventRounds "11"]
[EventCountry "POL"]
[SourceTitle "EXT 2019"]
[Source "ChessBase"]
[SourceDate "2018.10.10"]
[SourceVersion "1"]
[SourceVersionDate "2018.10.10"]
[SourceQuality "1"]
[WhiteTeam "Myslenice MLKSz U19"]
[BlackTeam "Gniezno LKS Chrobry U19"]
[WhiteTeamCountry "POL"]
[BlackTeamCountry "POL"]

1. e4 e6 2. d4 d5 3. Nc3 Nf6 4. e5 Nfd7 5. f4 c5 6. Nf3 Nc6 7. Be3 Qb6 8. Rb1 Be7 9. Be2 cxd4 10. Bxd4 Nxd4 11. Nxd4 a6 12. Nb3 f6 13. Qd4 fxe5 14. Qxb6 Nxb6 15. fxe5 0-0 16. Nd2 Bc5 17. Nf3 Nd7 18. Bd3 h6 19. b4 Be3 20. Ke2 Bf4 21. Rhf1 Nxe5 22. Nxe5 Bxe5 23. Rxf8+ Kxf8 24. Rf1+ Kg8 25. Na4 Bxh2 26. Bg6 Bd7 27. Bf7+ Kh8 28. Nc3 d4 29. Ne4 Bb5+ 30. Kf2 Bxf1 31. Kxf1 Rf8 0-1

[Event "POL-ch U14"]
[Site "Suwalki"]
[Date "2015.04.10"]
[Round "4"]
[White "Mietkiewicz, Jacek"]
[Black "Gaj, Szymon"]
[Result "0-1"]
[WhiteElo "1505"]
[BlackElo "1884"]
[PlyCount "90"]
[EventDate "2015.04.08"]
[EventType "swiss"]
[EventRounds "9"]
[EventCountry "POL"]
[SourceTitle "EXT 2017"]
[Source "ChessBase"]
[SourceDate "2016.10.25"]
[SourceVersion "1"]
[SourceVersionDate "2016.10.25"]
[SourceQuality "1"]

1. d4 Nf6 2. c4 c5 3. d5 b5 4. cxb5 a6 5. b6 Qxb6 6. Nc3 g6 7. e4 d6 8. h3 Bg7 9. Nf3 0-0 10. Bd3 Bd7 11. a4 Rc8 12. Nd2 a5 13. 0-0 Na6 14. Nc4 Qd8 15. Qe2 Nb4 16. Bb1 Rcb8 17. Ra3 Bc8 18. Rd1 Nd7 19. f4 Ba6 20. Nb5 Nb6 21. h4 Nxa4 22. Rxa4 Bxb5 23. Ra3 Bd4+ 24. Kh1 e6 25. dxe6 fxe6 26. Rg3 Qxh4+ 27. Rh3 Qf6 28. e5 dxe5 29. fxe5 Bxc4 30. Qxc4 Qxe5 31. Bh6 Nd5 32. Rf1 Rxb2 33. Bxg6 hxg6 34. Qd3 Ne7 35. Qf3 Nf5 36. Qxa8+ Rb8 37. Qf3 Qd5 38. Qg4 Kf7 39. Qg3 Be5 40. Qa3 Qc4 41. Qf3 Rb3 42. Qf2 Rxh3+ 43. gxh3 Ke8 44. Bf4 Bxf4 45. Qxf4 Ng3+ 0-1

[Event "POL-ch U14"]
[Site "Suwalki"]
[Date "2015.04.09"]
[Round "2"]
[White "Golenia, Jan"]
[Black "Mietkiewicz, Jacek"]
[Result "1-0"]
[WhiteElo "1725"]
[BlackElo "1505"]
[PlyCount "135"]
[EventDate "2015.04.08"]
[EventType "swiss"]
[EventRounds "9"]
[EventCountry "POL"]
[SourceTitle "EXT 2017"]
[Source "ChessBase"]
[SourceDate "2016.10.25"]
[SourceVersion "1"]
[SourceVersionDate "2016.10.25"]
[SourceQuality "1"]

1. Nf3 e6 2. g3 d5 3. Bg2 Nf6 4. c4 c5 5. 0-0 Nc6 6. b3 Be7 7. Bb2 d4 8. d3 e5 9. Nbd2 Bf5 10. Re1 0-0 11. Ng5 Qd7 12. Nge4 h5 13. Nxf6+ Bxf6 14. Ne4 Be7 15. Qd2 Nd8 16. Ba3 Ne6 17. e3 Rad8 18. exd4 exd4 19. Rab1 a5 20. Qe2 h4 21. Bc1 Rde8 22. f4 Nd8 23. Bd2 Nc6 24. Bf3 hxg3 25. hxg3 g6 26. Qg2 Bh3 27. Qe2 Kg7 28. Qh2 Rh8 29. Qf2 b6 30. Bg2 Bd8 31. a3 Rh5 32. Ng5 Bxg5 33. fxg5 Ne5 34. Rxe5 Bxg2 35. Qf6+ Kh7 36. Kxg2 Qb7+ 37. Rd5 Re2+ 38. Kg1 Rxd2 39. Rf1 Rhh2 40. Re1 Qc7 41. Qf3 Rh3 42. Ree5 Rb2 43. a4 Rc2 44. Qg4 Rch2 45. Qd7 Rh1+ 46. Kg2 R3h2+ 47. Kf3 Rf1+ 48. Kg4 Qxd7+ 49. Rxd7 Kg7 50. Rb7 Rd2 51. Rxb6 Rxd3 52. Rxc5 Rdd1 53. Rd5 Rd3 54. c5 Rff3 55. Rxd4 Rxg3+ 56. Kf4 Rdf3+ 57. Ke4 Re3+ 58. Kd5 Rxg5+ 59. Kc4 Re1 60. Kb5 Rb1 61. Kc6 Re5 62. Rc4 Re6+ 63. Kc7 Re7+ 64. Kd8 Kf8 65. c6 Rd1+ 66. Kc8 Ke8 67. c7 Rd5 68. Kb8 1-0

[Event "POL-ch U14"]
[Site "Suwalki"]
[Date "2015.04.08"]
[Round "1"]
[White "Mietkiewicz, Jacek"]
[Black "Pacan Milej, Kosma"]
[Result "0-1"]
[WhiteElo "1505"]
[BlackElo "1842"]
[PlyCount "42"]
[EventDate "2015.04.08"]
[EventType "swiss"]
[EventRounds "9"]
[EventCountry "POL"]
[SourceTitle "EXT 2017"]
[Source "ChessBase"]
[SourceDate "2016.10.25"]
[SourceVersion "1"]
[SourceVersionDate "2016.10.25"]
[SourceQuality "1"]

1. d4 d5 2. c4 e6 3. Nc3 Nf6 4. f3 c5 5. cxd5 Nxd5 6. e3 Nc6 7. Bb5 Bd6 8. Ne4 cxd4 9. Qxd4 0-0 10. Bxc6 bxc6 11. Nxd6 Qxd6 12. Bd2 c5 13. Qh4 Qe5 14. Ne2 Qxb2 15. Rd1 Ba6 16. Qf2 Rfd8 17. 0-0 Bxe2 18. e4 Bxf1 19. exd5 Rxd5 20. Kxf1 Rad8 21. Ke1 c4 0-1

[Event "POL-chT U19 3rd League Wielkopolska"]
[Site "Wielkopolska"]
[Date "2014.12.30"]
[Round "3.21"]
[White "Niemier, Hubert"]
[Black "Mietkiewicz, Jacek"]
[Result "0-1"]
[WhiteElo "1398"]
[BlackElo "1535"]
[PlyCount "108"]
[EventDate "2014.01.18"]
[EventType "team-tourn"]
[EventRounds "9"]
[EventCountry "POL"]
[SourceTitle "EXT 2020"]
[Source "ChessBase"]
[SourceDate "2019.10.17"]
[SourceVersion "1"]
[SourceVersionDate "2019.10.17"]
[SourceQuality "1"]
[WhiteTeam "Poznan Politechnika U19"]
[BlackTeam "Gniezno LKS Chrobry U19 II"]
[WhiteTeamCountry "POL"]
[BlackTeamCountry "POL"]

1. d4 d5 2. c4 c6 3. Nf3 e6 4. Nc3 Nf6 5. Bg5 Nbd7 6. e3 Qa5 7. Bxf6 Nxf6 8. a3 Bd6 9. c5 Be7 10. Bd3 Qc7 11. 0-0 0-0 12. b4 b6 13. Qc2 a5 14. Rfb1 bxc5 15. bxc5 Ba6 16. Bxa6 Rxa6 17. Rb2 Raa8 18. Rab1 Rfb8 19. Ne5 Rxb2 20. Rxb2 Bxc5 21. Nb1 Bd6 22. Qxc6 Qxc6 23. Nxc6 Rc8 24. Rc2 Kf8 25. Nb4 Rb8 26. Kf1 axb4 27. axb4 Rxb4 28. Nd2 Rb8 29. Ke2 Ke7 30. h3 h5 31. f3 g6 32. e4 dxe4 33. fxe4 Bf4 34. Nf1 Rb3 35. e5 Nd5 36. g3 Bxg3 37. Nxg3 Rxg3 38. Rb2 Rxh3 39. Rb7+ Kf8 40. Rb8+ Kg7 41. Rd8 Rh2+ 42. Kd3 h4 43. Kc4 Rc2+ 44. Kd3 Rc1 45. Kd2 Rh1 46. Kd3 h3 47. Ke4 h2 48. Rxd5 Re1+ 49. Kd3 exd5 50. Kd2 h1Q 51. e6 Rd1+ 52. Kc2 Rc1+ 53. Kd2 Qe1+ 54. Kd3 Rc3# 0-1

[Event "POL-chT U19 2nd League"]
[Site "Szczyrk"]
[Date "2014.08.02"]
[Round "11.51"]
[White "Mietkiewicz, Jacek"]
[Black "Klepek, Witold"]
[Result "1-0"]
[WhiteElo "1564"]
[BlackElo "1892"]
[PlyCount "73"]
[EventDate "2014.07.25"]
[EventType "team-swiss"]
[EventRounds "11"]
[EventCountry "POL"]
[SourceTitle "EXT 2015"]
[Source "ChessBase"]
[SourceDate "2014.11.20"]
[SourceVersion "1"]
[SourceVersionDate "2014.11.20"]
[SourceQuality "1"]
[WhiteTeam "Gniezno LKS Chrobry U19"]
[BlackTeam "Pszczyna PSSz U19"]
[WhiteTeamCountry "POL"]
[BlackTeamCountry "POL"]

1. d4 d5 2. Nf3 Nf6 3. c4 e6 4. Nc3 Be7 5. Bg5 Nbd7 6. e3 0-0 7. Bd3 a6 8. 0-0 dxc4 9. Bxc4 b5 10. Bd3 Bb7 11. Qe2 c5 12. Rac1 Rc8 13. a3 c4 14. Bb1 Re8 15. e4 h6 16. Be3 Qc7 17. Qd2 Rcd8 18. Bf4 Qc8 19. e5 Nd5 20. Nxd5 Bxd5 21. Bxh6 Bxf3 22. gxf3 Nxe5 23. Qe3 Nd7 24. Kh1 Bf6 25. Rg1 Nf8 26. Rxg7+ Bxg7 27. Rg1 Ng6 28. Bxg7 Kxg7 29. Qe5+ Kf8 30. Bxg6 Ke7 31. Bxf7 Rf8 32. Qg5+ Kxf7 33. Qh5+ Kf6 34. Rg6+ Kf7 35. Rh6+ Ke7 36. Rh7+ Kf6 37. Qe5+ 1-0

[Event "POL-chT U19 2nd League"]
[Site "Szczyrk"]
[Date "2014.07.31"]
[Round "9.39"]
[White "Warchol, Bartosz"]
[Black "Mietkiewicz, Jacek"]
[Result "1/2-1/2"]
[WhiteElo "1510"]
[BlackElo "1564"]
[PlyCount "117"]
[EventDate "2014.07.25"]
[EventType "team-swiss"]
[EventRounds "11"]
[EventCountry "POL"]
[SourceTitle "EXT 2015"]
[Source "ChessBase"]
[SourceDate "2014.11.20"]
[SourceVersion "1"]
[SourceVersionDate "2014.11.20"]
[SourceQuality "1"]
[WhiteTeam "Krakow Wisla U19"]
[BlackTeam "Gniezno LKS Chrobry U19"]
[WhiteTeamCountry "POL"]
[BlackTeamCountry "POL"]

1. d4 d5 2. c4 e6 3. Nf3 c6 4. e3 Nf6 5. Nbd2 Nbd7 6. Bd3 Bd6 7. 0-0 0-0 8. e4 dxe4 9. Nxe4 Be7 10. Bf4 Nb6 11. Qc2 h6 12. Nxf6+ Bxf6 13. c5 Nd5 14. Bd6 Be7 15. Bxe7 Qxe7 16. a3 Rd8 17. Rfe1 Nf4 18. Rad1 b6 19. Re4 Nxd3 20. Rxd3 bxc5 21. dxc5 Rxd3 22. Qxd3 Qxc5 23. Rc4 Ba6 24. Rxc5 Bxd3 25. Rxc6 Rb8 26. b4 a5 27. Rc3 axb4 28. Rb3 Rc8 29. h3 bxa3 30. Rxa3 Be4 31. Kh2 Kh7 32. Kg3 f6 33. Re3 Bd5 34. Nd4 e5 35. Nf5 Re8 36. Ra3 Be6 37. Ne3 g5 38. Ng4 Kg6 39. Rf3 Bxg4 40. hxg4 Rb8 41. Rc3 Rb4 42. Rc6 Rf4 43. Rc7 h5 44. gxh5+ Kxh5 45. Rh7+ Kg6 46. Re7 Ra4 47. f3 Kf5 48. Re8 e4 49. fxe4+ Rxe4 50. Ra8 Re3+ 51. Kf2 Rb3 52. Ra5+ Kg4 53. Ra4+ Kh5 54. Ra5 Rc3 55. Rb5 Kh4 56. Rf5 Rc2+ 57. Kf1 Kg3 58. Rf3+ Kg4 59. Rxf6 1/2-1/2

[Event "POL-chT U19 2nd League"]
[Site "Szczyrk"]
[Date "2014.07.28"]
[Round "5.39"]
[White "Walter, Szymon"]
[Black "Mietkiewicz, Jacek"]
[Result "1-0"]
[WhiteElo "2022"]
[BlackElo "1564"]
[PlyCount "105"]
[EventDate "2014.07.25"]
[EventType "team-swiss"]
[EventRounds "11"]
[EventCountry "POL"]
[SourceTitle "EXT 2015"]
[Source "ChessBase"]
[SourceDate "2014.11.20"]
[SourceVersion "1"]
[SourceVersionDate "2014.11.20"]
[SourceQuality "1"]
[WhiteTeam "Podlesie UKS 21 U19"]
[BlackTeam "Gniezno LKS Chrobry U19"]
[WhiteTeamCountry "POL"]
[BlackTeamCountry "POL"]

1. e4 c5 2. Nc3 Nc6 3. f4 e6 4. Nf3 a6 5. g3 Nf6 6. Bg2 d5 7. e5 Nd7 8. 0-0 Be7 9. Ne2 c4 10. d4 b5 11. c3 a5 12. g4 Qb6 13. Ng3 Ba6 14. Kh1 0-0-0 15. f5 h6 16. Nh5 Rdg8 17. Nf4 Nf8 18. Be3 Bg5 19. Qd2 Bxf4 20. Bxf4 Nd7 21. Nh4 Ne7 22. Bg3 g5 23. fxg6 fxg6 24. Rf7 Qd8 25. Qf2 Qe8 26. Rf6 Nxf6 27. exf6 Rf8 28. Qf4 Qc6 29. Qb8+ Kd7 30. Qa7+ Bb7 31. fxe7 Rfg8 32. Nf3 Kxe7 33. Ne5 Qc8 34. Qxa5 Bc6 35. Qb4+ Ke8 36. Qd6 Bd7 37. Re1 Rh7 38. Nxd7 Qxd7 39. Rxe6+ Re7 40. Rxe7+ Qxe7 41. Qxe7+ Kxe7 42. Bxd5 Rc8 43. Kg2 Kf6 44. Be5+ Ke7 45. Be4 h5 46. g5 Kf7 47. a3 Re8 48. Kf3 Rc8 49. Kf4 Re8 50. Bf6 Rc8 51. Bd5+ Kf8 52. Be6 Ra8 53. d5 1-0

[Event "Gniezno GOSiR op-A"]
[Site "Gniezno"]
[Date "2012.08.12"]
[Round "2"]
[White "Sobczak, Miroslaw"]
[Black "Mietkiewicz, Jacek"]
[Result "1-0"]
[WhiteElo "1974"]
[BlackElo "1506"]
[PlyCount "47"]
[EventDate "2012.08.11"]
[EventType "swiss"]
[EventRounds "9"]
[EventCountry "POL"]
[SourceTitle "EXT 2023"]
[Source "ChessBase"]
[SourceDate "2022.10.05"]
[SourceVersion "1"]
[SourceVersionDate "2022.10.05"]
[SourceQuality "1"]

1. e4 c5 2. Nf3 Nc6 3. d4 cxd4 4. Nxd4 e5 5. Nb5 d6 6. c4 a6 7. N5c3 Nf6 8. Be2 Be7 9. 0-0 0-0 10. Na3 Be6 11. Nc2 Rc8 12. Be3 Na5 13. b3 Nc6 14. f3 Nh5 15. Qd2 h6 16. Rfd1 Nf6 17. Rac1 Ne8 18. Nd5 Bxd5 19. cxd5 Nb8 20. Qb4 Qd7 21. Na3 Nf6 22. Nc4 Rc7 23. Nb6 Qd8 24. Rxc7 1-0